Statistics for Champions of UEFA Cup Winners' Cup

Click here to take the quiz!

General Stats

  • This quiz has been taken 302 times
  • The average score is 12 of 39

Answer Stats

HintAnswer% Correct
1983-1984Juventus
85%
1967-1968Milan
85%
1972-1973Milan
85%
1990-1991Manchester United
56%
1978-1979Barcelona
53%
1996-1997Barcelona
53%
1988-1989Barcelona
53%
1981-1982Barcelona
53%
1997-1998Chelsea
53%
1970-1971Chelsea
53%
1998-1999Lazio
50%
1986-1987Ajax
46%
1992-1993Parma
45%
1993-1994Arsenal
40%
1961-1962Atlético de Madrid
39%
1979-1980Valencia
36%
1960-1961Fiorentina
34%
1965-1966Borussia Dortmund
32%
1969-1970Manchester CIty
32%
1989-1990Sampdoria
30%
1995-1996Paris Saint-German
28%
1962-1963Tottenham
27%
1975-1976Anderlecht
18%
1977-1978Anderlecht
18%
1984-1985Everton
15%
1976-1977Hamburg
15%
1966-1967Bayern Munchen
14%
1694-1965West Ham United
12%
1982-1983Aberdeen
9%
1973-1974Magdeburg
8%
1994-1995Real Zaragoza
8%
1991-1992Werder Breme
7%
1980-1981Dinamo Tbilisi
6%
1987-1988Malines
6%
1963-1964Sporting Lisboa
6%
1971-1972Rangers Glasgow
5%
1968-1969Slovan Bratislava
5%
1985-1986Dynamo Kyïv
4%
1974-1975Dynamo Kyïv
4%

Score Distribution

Percentile by Number Answered

Percent of People with Each Score

Your Score History

You have not taken this quiz